00760nam a22002177a 4500003000900000005001700009008003300026020001500059040002200074082002600096100003300122245012600155260003000281300003800311490003300349500003200382500004300414650002500457650002700482700003300509DO-SdBNP20240719100850.0151117b1987 sp |||| 00| 0 spa d a8420725943 aBPMSUbspacBPMSU 4a863.3bA323c 19872221 aAlas, Leopoldo, d1852-1901.10aCuentos /c Leopoldo Alas Clarín; edición, introducción, notas, comentarios y apéndice Antonio Ferraz Martínez aMadrid : bAnaya, c1987. a151 p. : bil., retrs. ;c19 cm. 0 aBiblioteca didáctica Anaya aBibliografía : p. 149-151 aIncluye datos biográficos del autor. 4aCuentos españoles  4aLiteratura española 1 aMartínez, Antonio Ferraz .